নজরুল কাব্যে রাজনীতি / (Record no. 64799)
[ view plain ]
| 000 -LEADER | |
|---|---|
| fixed length control field | 00858nam a2200229 a 4500 |
| 001 - CONTROL NUMBER | |
| control field | 64799 |
| 003 - CONTROL NUMBER IDENTIFIER | |
| rucl marc code | BD-RjUL |
| 005 - DATE AND TIME OF LATEST TRANSACTION | |
| control field | 20211209081342.0 |
| 008 - FIXED-LENGTH DATA ELEMENTS--GENERAL INFORMATION | |
| fixed length control field | 170222s1964 bg |||| |||| 000 0 b d |
| 020 ## - INTERNATIONAL STANDARD BOOK NUMBER | |
| Terms of availability | : Tk. 3.00 |
| 035 ## - SYSTEM CONTROL NUMBER | |
| System control number | (BD-RjUL)64929 |
| 040 ## - CATALOGING SOURCE | |
| Original cataloging agency | BD-RjUL |
| Language of cataloging | ben |
| Transcribing agency | BD-RjUL |
| Modifying agency | BD-RjUL |
| 041 ## - LANGUAGE CODE | |
| Language code of text/sound track or separate title | ben |
| 082 ## - DEWEY DECIMAL CLASSIFICATION NUMBER | |
| Edition number | 23 |
| Classification number | 891.4415 |
| Author mark and year | CHN 196 ? |
| 100 1# - MAIN ENTRY--PERSONAL NAME | |
| Personal name | চোধুরী, আমীর হোসেন |
| 9 (RLIN) | 170482 |
| 245 1# - TITLE STATEMENT | |
| Title | নজরুল কাব্যে রাজনীতি / |
| Statement of responsibility, etc. | আমীর হোসেন চোধুরী |
| 260 ## - PUBLICATION, DISTRIBUTION, ETC. (IMPRINT) | |
| Place of publication, distribution, etc. | ঢাকা : |
| Name of publisher, distributor, etc. | স্টুডেন্ট ওয়েজ ; |
| Date of publication, distribution, etc. | ১৯৬ ? |
| 300 ## - PHYSICAL DESCRIPTION | |
| Pagination | ৮৪ পৃ. ; |
| Size | ১৯ সেমি. |
| 600 ## - SUBJECT ADDED ENTRY--PERSONAL NAME | |
| Personal name | ইসলাম, কজিী নজরুল |
| Dates associated with a name | ১৮৯৯-১৯৭৬ |
| Personal name | Islam, Kazi Nazrul |
| Dates associated with a name | 1899-1976 |
| 942 ## - ADDED ENTRY ELEMENTS (KOHA) | |
| Source of classification or shelving scheme | Dewey Decimal Classification |
| Koha item type | Books |
| Lost status | Source of classification or shelving scheme | Damaged status | Not for loan | Collection code | Permanent Location | Current Location | Shelving location | Date acquired | Source of acquisition | Cost, normal purchase price | Total Checkouts | Full call number | Date last seen | Copy number | Koha item type |
|---|---|---|---|---|---|---|---|---|---|---|---|---|---|---|---|
| Dewey Decimal Classification | Not For Loan | Non-fiction | Central Library, University of Rajshahi | Central Library, University of Rajshahi | Reading Room | 26/06/1970 | Pakistan book corporation | 3.00 | B 891.4415 CHN 196? | 22/02/2017 | C-1 | Books |